00998njm a2200241Ia 450000100060000000300090000600500170001500800410003204000130007304000130008610000160009910000180011510000380013324500140017125000110018526000090019626000380020530000170024350000230026050503740028365000550065770000440071220491IT-RoPAU20220918181128.0131025s9999 xx 000 0 und d aIT-RoPAU cIT-RoPAU aConte Paolo eAutore musica gCodice autore musica SPICS: 7844 aMoby Dick a1a ed. aROMA bSPICS RECORDSc1982 [1a Ed.:1982] aMUSICASSETTA aMusica strumentale aTango molto voluto - Valzer qualche volta desiderato - Stomp degli abissi - Habanera di tutte le habanere - The Hanging Gardens Have Had Their Change (I giardini pensili...) - Sparklin' Star (Stella crepitante) - Tha Hanging Gardens - The Indian Lorry (Il camion indiano) - Old Road (Vecchia strada) - Frisco (S. Francesco) - Minuetto mica male come rag. - On the Road aSTRUMENTALE [CASSETTE]eCodice MATERIA SPICS: 9951 aConte PaologCodice autore SPICS: 7844